Kultúrne dedičstvo Slovenska vysokoškolské skriptá

Bibliographic Details
Main Author: Kačírek, Ľuboš, 1971- (Author)
Format: Software eBook
Language:Slovak
PhysicalDescription:1 elektronický optický disk (CD-ROM) fareb. 12 cm
Published: Bratislava Muzeológia a kultúrne dedičstvo, o.z. 2016
ISBN:9788089881055
Subjects:

MARC

LEADER 00000nam a2200000 a 4500
001 vtls011623102
003 SK-MaSNL
005 20260425223649.0
007 co cg auuua
008 240318s2016 xo | fsp 000 0 slo
015 |a SNBS2017 
020 |a 9788089881055  |q (elektronická kniha) 
040 |a SNK  |b slo  |c SNK  |e AACR2 
041 0 |a slo 
043 |a e-xo--- 
044 |a xo  |c SK 
072 7 |a 930.85  |x Dejiny civilizácie. Kultúrne dejiny  |2 konspekt 
080 |a 930.85  |2 2011 
080 |a 341.232.7  |2 2011 
080 |a (075.8)  |2 2011 
080 |a (437.6)  |2 2011 
080 |a (0.034.44)  |2 2011 
100 1 |a Kačírek, Ľuboš,  |d 1971-  |4 aut  |9 211639 
245 1 0 |a Kultúrne dedičstvo Slovenska  |h elektronický zdroj  |b vysokoškolské skriptá  |c Ľuboš Kačírek 
260 |a Bratislava  |b Muzeológia a kultúrne dedičstvo, o.z.  |c 2016 
300 |a 1 elektronický optický disk (CD-ROM)  |b fareb.  |c 12 cm 
500 |a Názov z titulnej obrazovky 
504 |a Bibliogr. odkazy 
516 |a Textový dokument (skriptá), súbor vo formáte pdf 
538 |a Technické požiadavky: PDF prehliadač 
650 0 7 |a kultúrne dedičstvo  |2 SNKPH  |9 4195 
650 0 7 |a ochrana kultúrneho dedičstva  |2 SNKPH  |9 4196 
650 0 7 |a Cultural heritage  |2 SNKPHeng  |9 265420 
650 0 7 |a Protection of cultural heritage  |2 SNKPHeng  |9 328132 
651 7 |a Slovensko  |2 SNKPH  |9 14231 
651 7 |a Slovakia  |2 SNKPHeng  |9 92630 
655 7 |a elektronické zdroje  |2 SNKPH  |9 90954 
655 7 |a CD-ROM  |2 SNKPH  |9 70236 
655 7 |a učebnice vysokých škôl  |2 SNKPH  |9 70191 
655 7 |a Electronic resources  |2 SNKPHeng  |9 175546 
655 7 |a Textbooks (higher)  |2 SNKPHeng  |9 276436 
919 |a 978-80-89881-05-5 
958 |a NB 
999 |c 592004  |d 593934 
952 |a SNK  |b SNK  |y PREZ  |7 0  |p 17A1255522  |o snkSCDM 9179  |i snk2017/8595  |8 0  |0 0  |1 0  |4 0  |d 2017-04-10  |l 0  |r 2026-02-23 15:27:49  |w 2026-02-23 
952 |t snkKUL 904(437.6)  |a SNKMST  |b SNKMST  |y PREZ  |7 0  |p 17A1255523  |o snkSCDM 9179 D1  |i snk2017/8597  |8 0  |0 0  |1 0  |4 0  |d 2017-04-10  |l 0  |r 2025-08-13 00:00:00  |w 2026-02-23